000 00710nam a2200205Ia 4500
003 GCL
008 140319s9999 xx 000 0 ara d
040 _aGCL /
_cGCL
082 0 4 _a962.32
_bم س
100 1 _aمؤتمر الغربية الاول للاثار وال
245 1 0 _aطنطا 1993 السبيل الاحمدى : سبيل على بك الكبير والحديقة المتحفية /
_cCA7 الغربية الاول للاثار وال
260 _a[S.N] :
_bهيئة الاثار المصرية
490 _a
650 0 4 _aمصر
650 0 4 _aالاثار الاسلامية
650 0 4 _aطنطا
650 0 4 _aالاسبلة
650 0 4 _aالفن الاسلامى
942 _2ddc
_cBK
999 _c36335
_d36335